[Event "Memorial G.Staunton (cat.11)"]
[Site "masterchessopen.com London/Crowthorne (England)"]
[Date "2006.08.22"]
[Round "8"]
[White "Howell David WL (ENG)"]
[Black "Wells Peter K (ENG)"]
[Result "0-1"]
[WhiteElo "2471"]
[BlackElo "2486"]

1.d4 Nf6 2.c4 e6 3.Nc3 Bb4 4.e3 b6 5.Ne2 Ba6 6.a3 Be7 7.Nf4 d5 8.cxd5 Bxf1
9.Kxf1 exd5 10.Qf3 c6 11.g4 O-O 12.b3 Re8 13.Qg2 Bd6 14.g5 Ne4 15.Nxe4 Rxe4
16.f3 Re8 17.Nh5 Nd7 18.h4 g6 19.Ng3 c5 20.f4 cxd4 21.Qxd5 Bf8 22.exd4 Qc7
23.Rh2 Qc3 24.Qxd7 Qxa1 25.Rc2 Rad8 26.Qc7 Qxd4 27.Rd2 Qe3 28.Rxd8 Qf3+ {#R}
0-1

[Event "It (b)"]
[Site "masterchessopen.com Coulsdon (England)"]
[Date "2006.08.29"]
[Round "2"]
[White "Poobalasingam Peter (ENG)"]
[Black "Cox Tristan (ENG)"]
[Result "0-1"]
[WhiteElo "2077"]
[BlackElo "2065"]

1.d4 Nf6 2.c4 e6 3.Nc3 Bb4 4.e3 b6 5.Ne2 Ba6 6.a3 Bxc3+ 7.Nxc3 d5 8.Qf3 O-O
9.g4 c6 10.b3 Nbd7 11.a4 dxc4 12.bxc4 c5 13.g5 Ne8 14.Qg3 Qb8 15.Bg2 Bb7
16.Bxb7 Qxb7 17.d5 Qb8 18.f4 Nd6 19.Qh3 Re8 20.Rg1 Nxc4 21.Rg4 exd5 22.Rh4 Nf8
23.Nxd5 Qd6 24.Nf6+ gxf6 25.Rh6 Qxf4 26.Rxf6 Qxg5 27.Rf3 Qg1+ 28.Ke2 Qg7
29.Rf4 Qxa1 30.Rxc4 Qa2+ {#R} 0-1

[Event "It (b)"]
[Site "masterchessopen.com Anapa (Russia)"]
[Round "0"]
[White "Kashlinskaya Alina (RUS)"]
[Black "Nikolaeva Alexandra (RUS)"]
[Result "1-0"]
[WhiteElo "2121"]
[BlackElo "2229"]

1.d4 e6 2.c4 Nf6 3.Nc3 Bb4 4.e3 b6 5.Ne2 Ba6 6.a3 Bxc3+ 7.Nxc3 d5 8.b3 O-O
9.Bd3 Nc6 10.a4 Na5 11.Nb5 c6 12.Na3 Rc8 13.O-O dxc4 14.Nxc4 Nxc4 15.bxc4 Re8
16.Bb2 c5 17.Rc1 Bb7 18.f3 Nh5 19.g4 Nf6 20.Bb1 cxd4 21.exd4 Qd6 22.Qd3 Qf4
23.Rce1 Red8 24.d5 Qh6 25.Bc1 Qh3 26.Bg5 Ba6 27.Qe3 Bxc4 28.dxe6 Bxe6 29.Rc1
Rxc1 30.Rxc1 Bd5 31.Rf1 Bc6 32.Bxf6 gxf6 33.Qf4 Qh4 34.Rc1 Bb7 35.Ba2 Re8
36.Qg3 Qg5 37.Rc7 Bd5 38.f4 Qg6 39.Bxd5 Qb1+ 40.Kg2 Re2+ 41.Kh3 Qf1+ 42.Kh4
Rd2 43.Bxf7+ Kh8 44.Rc8+ Kg7 45.Bc4 Rxh2+ 46.Qxh2 Qe1+ 47.Kh5 {#r} 1-0

[Event "Ch Russia"]
[Site "masterchessopen.com Tomsk (Russia)"]
[Date "2006.09.06"]
[Round "4"]
[White "Volkov Sergey Viktorovich (RUS)"]
[Black "Vitiugov Nikita (RUS)"]
[Result "0-1"]
[WhiteElo "2628"]
[BlackElo "2596"]

1.d4 Nf6 2.c4 e6 3.Nc3 Bb4 4.e3 b6 5.Ne2 Ba6 6.a3 Be7 7.Nf4 d5 8.cxd5 Bxf1
9.dxe6 Ba6 10.exf7+ Kxf7 11.Qb3+ Ke8 12.Ne6 Qd7 13.Nxg7+ Kd8 14.Ne6+ Kc8 15.d5
Bb7 16.Nf4 Bd6 17.e4 Re8 18.f3 Bxf4 19.Bxf4 Bxd5 20.Qc2 Bc4 21.b3 Ba6 22.Bg5
Re6 23.Rd1 Qg7 24.Be3 Nbd7 25.Kf2 Ne5 26.Bd4 Kb7 27.Rhe1 Rg8 28.g3 Qf7 29.Kg2
Nh5 30.Bxe5 Rxe5 31.Nd5 Reg5 32.Qf2 Rxd5 33.exd5 Nf4+ 34.Kh1 Nd3 35.Rxd3 Bxd3
36.d6 cxd6 37.Qe3 Bg6 38.Rd1 Re8 39.Qc3 Qe6 40.b4 Qe3 41.Qf6 Re6 42.Qf8 Be8
43.Qf5 Bc6 44.Rd3 Qf2 45.Qf7+ Ka6 46.b5+ Bxb5 {#R} 0-1

[Event "Ch France (team) (nat.1) 2006/07"]
[Site "masterchessopen.com France"]
[Round "8"]
[White "Geffroy Laurent (FRA)"]
[Black "Fougerit Valentin (FRA)"]
[Result "0-1"]
[WhiteElo "2241"]
[BlackElo "2204"]

1.d4 Nf6 2.c4 e6 3.Nc3 Bb4 4.e3 b6 5.Ne2 Ba6 6.a3 Bxc3+ 7.Nxc3 d5 8.b3 O-O
9.a4 Nc6 10.Ba3 Re8 11.Bd3 e5 12.cxd5 Bxd3 13.dxc6 e4 14.Ne2 Nd5 15.Qd2 Qg5
16.O-O Re6 17.Rfc1 Rg6 18.Ng3 h5 19.f4 exf3 20.Qxd3 h4 21.e4 Ne3 22.gxf3 hxg3
23.h3 g2 24.Ra2 Nf1 25.Rcc2 Qg3 26.Rxg2 Qh2+ {#R} 0-1

[Event "Ch France (team) (nat.1) 2006/07"]
[Site "masterchessopen.com France"]
[Round "11"]
[White "Julve Philippe (FRA)"]
[Black "Fougerit Valentin (FRA)"]
[Result "1-0"]
[WhiteElo "2224"]
[BlackElo "2204"]

1.d4 Nf6 2.c4 e6 3.Nc3 Bb4 4.e3 b6 5.Ne2 Ba6 6.a3 Bxc3+ 7.Nxc3 d5 8.Qf3 O-O
9.Be2 Nc6 10.b4 Bb7 11.Bb2 Re8 12.Qg3 a5 13.b5 Ne7 14.O-O Nf5 15.Qh3 Ne4
16.Rfd1 Qf6 17.Nxe4 dxe4 18.Rd2 Qg5 19.Rc1 Rad8 20.Rdc2 Nh4 21.Qg3 Qe7 22.c5
Rd5 23.cxb6 Rg5 24.Rxc7 Rxg3 25.hxg3 Qd8 26.Rxb7 Nf5 27.Rbc7 Qb8 28.b7 Nd6
29.b6 Nxb7 30.Ba6 Nd6 31.R1c6 Qa8 32.b7 {#r} 1-0

[Event "Ch Australia (juniors) (under 18)"]
[Site "masterchessopen.com Canberra (Australia)"]
[Date "2007.01.22"]
[Round "8"]
[White "Illingworth Max (AUS)"]
[Black "Zulfic Fedja (AUS)"]
[Result "0-1"]
[WhiteElo "2152"]
[BlackElo "1920"]

1.d4 Nf6 2.c4 e6 3.Nc3 Bb4 4.e3 b6 5.Ne2 Ba6 6.a3 Bxc3+ 7.Nxc3 d5 8.Qf3 O-O
9.Be2 Qd7 10.b3 dxc4 11.bxc4 Nc6 12.a4 Na5 13.Ba3 Rfd8 14.c5 Bxe2 15.Qxe2 Qc6
16.O-O bxc5 17.dxc5 Nd5 18.Nb5 e5 19.Qc2 h6 20.Nc3 Nc4 21.Ne2 Ndxe3 22.fxe3
Nxe3 23.Nd4 exd4 24.Qf2 Nxf1 25.Rxf1 Qe6 26.Kh1 d3 27.Bb2 Re8 28.Qg3 Qg6
29.Qxc7 Re2 30.Qb7 Rae8 {#R} 0-1

[Event "Ch Belgium (team) 2006/07"]
[Site "masterchessopen.com Belgium"]
[Date "2007.02.25"]
[Round "9"]
[White "Dambacher Martijn (NED)"]
[Black "Dgebuadze Alexandre (BEL)"]
[Result "0-1"]
[WhiteElo "2463"]
[BlackElo "2505"]

{ Dgebuadze Alexandre (BEL) +3 =1 -0 } 1.d4 Nf6 2.c4 e6 3.Nc3 Bb4 4.e3 b6
5.Ne2 Ba6 6.a3 Bxc3+ 7.Nxc3 d5 8.b3 O-O 9.Be2 Nc6 10.a4 Re8 { ?/= } (
10...dxc4 11.Ba3 Re8 12.b4 Ne7 13.O-O Ned5 14.Rc1 c6 15.Bf3 b5 16.a5 Qc7
17.Qc2 Rad8 18.Rfd1 Bb7 19.Rd2 Nxc3 20.Qxc3 c5 21.dxc5 Bxf3 22.gxf3 Rxd2
23.Qxd2 Rd8 24.Qe1 Rd3 25.Bb2 Nd5 26.Bc3 f6 27.Ba1 e5 28.Kg2 Qd7 29.Rc2 e4
30.Rc1 { ...0-1, Evans Larry M 2470 - Fischer Robert J 2780 , New York 1965 Ch
USA } ) ( 10...Qd7 11.O-O Rfd8 12.Bb2 Na5 13.Nb5 c6 14.Na3 Qe7 15.Bc3 Rab8
16.Qc2 dxc4 17.Nxc4 Nxc4 18.bxc4 c5 19.a5 b5 20.cxb5 Bxb5 21.Bxb5 Rxb5 22.Rfb1
Rxb1+ 23.Rxb1 Nd5 24.a6 Qd6 25.Ba5 Rc8 26.Qc4 h6 27.Rb7 Ne7 28.g3 cxd4 29.Qxd4
Qxa6 30.Rxe7 { ...0-1, Boersma Paulus A 2335 - Timman Jan H 2630 , Leeuwarden
1981 Ch Netherlands } ) ( 10...Na5 11.Ba3 Re8 12.Rb1 e5 13.O-O exd4 14.exd4
Qd7 15.Re1 Rad8 16.Bf3 Rxe1+ 17.Qxe1 dxc4 18.b4 Nb3 19.b5 Nxd4 20.bxa6 Nxf3+
21.gxf3 Qf5 22.Qe2 Rd3 23.Rd1 h6 24.Rxd3 cxd3 25.Qe3 Nd5 26.Nxd5 Qxd5 27.Bb4
Qb3 28.Bd2 c5 29.Qe8+ Kh7 30.Qe4+ { ...1/2-1/2, Shulman Yuri 2602 - Smith
Bryan G 2381 , Philadelphia 3. 7.2006 It "World Open" } ) 11.O-O ( 11.Bb2 dxc4
12.bxc4 Na5 13.Nb5 c6 14.Na3 Qe7 15.O-O e5 16.dxe5 Nd7 17.f4 f6 18.Rf3 fxe5
19.Rg3 Nb7 20.Bf3 Rac8 21.Nb5 cxb5 22.axb5 Nd6 23.Rxa6 Nf5 24.Rxa7 exf4
25.Rxg7+ Nxg7 26.Rxd7 Qxe3+ 27.Kf1 Re7 28.Rd3 Qc5 29.Ba3 Qg5 30.Bxe7 Qxe7 {
...1-0, Taimanov Mark E 2580 - Kuzmin Gennadi P 2496 , Kishinev 10.1975 Ch URS
(1 liga) } ) 11...Na5 { +0.26 CAP } ( 11...e5 12.dxe5 Nxe5 13.cxd5 Bxe2
14.Qxe2 Nxd5 15.Bb2 Nxc3 16.Bxc3 Qd5 17.Qb5 Qxb5 18.axb5 f6 19.Rfc1 Nf7 20.Bb4
Re5 21.Rxc7 Rxb5 22.Raxa7 Rxa7 23.Rxa7 Ne5 24.Ra8+ Kf7 25.Ra7+ Kg8 26.Ra8+ {
1/2-1/2, Petkov Vladimir 2529 - Ninov Nikolai 2522 , Pleven 30. 5.2005 Ch
Bulgaria } ) ( 11...dxc4 12.bxc4 Na5 13.Nb5 c6 14.Na3 e5 15.Bb2 exd4 16.exd4
Nd5 17.Re1 Nf4 18.Bf1 Qg5 19.Qf3 Ne6 20.Re5 Qf6 21.Qe3 Nc7 22.d5 Qd8 23.Rd1
cxd5 24.Rxe8+ Nxe8 25.Rxd5 Qc7 26.Re5 Qc6 27.Nb5 Bxb5 28.axb5 Qc8 29.c5 bxc5
30.Qc3 Nb7 { 1-0, Shabalov Alexander 2601 - Burnett Ronald 2399 , Saint Paul
2000 It (open) } ) 12.Nb5 { N } ( 12.Bb2 c6 13.Rb1 ( 13.Qc2 dxc4 14.b4 Nb3
15.Ra3 Qc8 16.b5 Bb7 17.Bxc4 Na5 18.Bd3 cxb5 19.axb5 Nc4 20.Ra4 Nxb2 21.Qxb2
e5 22.dxe5 Rxe5 23.Ne2 Qe8 24.Ng3 Nd7 25.Rh4 g6 26.Rd1 Nc5 27.Bc4 Rc8 28.Rf4
Rc7 29.h4 h5 30.Rd6 Kh7 31.Bxf7 Rxf7 { ...1-0, Olafsson Fridrik 2452 -
Palmason Gudmundur 2270 , Reykjavik 1957 Olympiad (students) (team) } )
13...Qc8 14.cxd5 Bxe2 15.Qxe2 cxd5 16.Nb5 Qd7 17.Rfc1 Rec8 { 1/2-1/2,
Zilberman Yaacov 2485 - Soffer Ram 2453 , Rishon le Zion 1992 It } ) 12...c6
13.Na3 c5 14.Bb2 cxd4 15.exd4 Qe7 16.Nb5 Bxb5 17.Ba3 Qc7 18.axb5 dxc4 19.bxc4
a6 20.bxa6 Rxa6 21.d5 { ?! } ( 21.Bb2 { !? } 21...Raa8 22.Qd3 Nc6 23.Qe3 Qd6
24.Bc3 h6 { } ) 21...Nxc4 22.d6 Qa7 23.Bxc4 Rxa3 24.Qd4 Rd8 25.Rab1 { ?! } (
25.Bb5 { !? } 25...h6 26.d7 Rxa1 27.Rxa1 Qc7 28.Rd1 Nd5 29.Rd3 Qc2 30.Rg3 { }
) 25...Ra4 26.Rfc1 h6 27.Qxb6 { ? } ( 27.g3 b5 28.Qxa7 Rxa7 29.Bd3 Rad7
30.Bxb5 Rxd6 31.Be2 Kh7 32.Bf3 Kg6 33.Rb7 { } ) 27...Qxb6 28.Rxb6 Rc8 { } {#R}
0-1

[Event "Tournament (a)"]
[Site "masterchessopen.com Erba (Italy)"]
[Date "2007.02.25"]
[Round "4"]
[White "Fossati Remigio (ITA)"]
[Black "Bozzali Ermanno (ITA)"]
[Result "0-1"]
[WhiteElo "2200"]
[BlackElo "2136"]

1.d4 Nf6 2.c4 e6 3.Nc3 Bb4 4.e3 b6 5.Ne2 Ba6 6.a3 Bxc3+ 7.Nxc3 d5 8.Qf3 c6
9.b3 O-O 10.Bb2 Re8 11.Rd1 Nbd7 12.Be2 b5 13.cxd5 cxd5 14.O-O Rb8 15.Rb1 Rb6
16.g4 h6 17.h4 b4 18.Bxa6 bxc3 {#R} 0-1

[Event "Ch Ukraine (juniors) (under 16)"]
[Site "masterchessopen.com Vinnitsa (Ukraine)"]
[Date "2007.03.10"]
[Round "9"]
[White "Ipatov Alexander (ESP)"]
[Black "Nyzhnyk Illya (UKR)"]
[Result "0-1"]
[WhiteElo "2265"]
[BlackElo "2377"]

1.d4 Nf6 2.c4 e6 3.Nc3 Bb4 4.e3 b6 5.Ne2 Ba6 6.a3 Bxc3+ 7.Nxc3 d5 8.b3 O-O
9.Be2 c6 10.O-O Nbd7 11.Bb2 Re8 12.Qc2 Rc8 13.Rfd1 Qc7 14.Rac1 Qb8 15.cxd5
Bxe2 16.Qxe2 exd5 17.Rc2 Ne4 18.Rdc1 Nxc3 19.Rxc3 Re6 20.Qd3 Nf6 21.f3 Kh8
22.a4 Ne8 23.e4 dxe4 24.fxe4 Rg6 25.e5 c5 26.dxc5 Rd8 27.Qe3 bxc5 28.Qxc5 h6
29.Qe3 Qb7 30.Qf3 Qxf3 31.Rxf3 Kg8 32.Rc2 Rd7 33.Rfc3 Kh7 34.Rc8 Re6 35.Kf1
Rb7 36.Bd4 Rxb3 37.R2c6 Re7 38.Ra6 Rbb7 39.Ra8 Nc7 40.Bc5 Rxe5 41.R8xa7 Rb1+
{#R} 0-1

[Event "It (open)"]
[Site "masterchessopen.com Foxwoods (USA)"]
[Date "2007.04.08"]
[Round "9"]
[White "Dougherty Michael (CAN)"]
[Black "Milisits Ryan Ro (USA)"]
[Result "1-0"]
[WhiteElo "2192"]
[BlackElo "2214"]

1.d4 Nf6 2.c4 e6 3.Nc3 Bb4 4.e3 b6 5.Ne2 Ba6 6.a3 Bxc3+ 7.Nxc3 d5 8.b3 O-O
9.a4 c6 10.Bd3 Re8 11.Bb2 dxc4 12.bxc4 Nbd7 13.f4 c5 14.Nb5 Nf8 15.O-O Bb7
16.dxc5 bxc5 17.Nd6 Re7 18.Bxf6 gxf6 19.Nxb7 Rxb7 20.Be4 Qc7 21.Qf3 Rab8
22.Bxb7 Rxb7 23.Rab1 Rxb1 24.Rxb1 Qa5 25.h4 Nd7 26.Qc6 Qd2 27.Qf3 Qa2 28.Rb7
Qxa4 29.Rc7 Kf8 30.Qa8+ Kg7 31.Kh2 f5 32.Qe8 {#r} 1-0

[Event "Ch Asia (juniors) (under 18)"]
[Site "masterchessopen.com Tashkent (Uzbekistan)"]
[Date "2007.06.28"]
[Round "1"]
[White "Pak Evgeniy (KAZ)"]
[Black "Zhumabaev Rinat (KAZ)"]
[Result "1-0"]
[WhiteElo "2184"]
[BlackElo "2436"]

1.d4 Nf6 2.c4 e6 3.Nc3 Bb4 4.e3 b6 5.Ne2 Ba6 6.a3 Bxc3+ 7.Nxc3 d5 8.Qf3 c5
9.g4 Bb7 10.dxc5 Qc8 11.Nb5 Qxc5 12.Bd2 Na6 13.Bc3 O-O 14.Bxf6 gxf6 15.Qxf6
dxc4 16.Nd6 Qxd6 17.Qg5+ Kh8 18.Qf6+ Kg8 {#r} 1-0

[Event "Memorial Aldo Basile (b)"]
[Site "masterchessopen.com Neapol (Italy)"]
[Date "2007.06.29"]
[Round "4"]
[White "Caporali Dante"]
[Black "Di Gennaro Antonio (ITA)"]
[Result "0-1"]
[WhiteElo "1595"]
[BlackElo "1674"]

1.d4 Nf6 2.c4 e6 3.Nc3 Bb4 4.e3 b6 5.Ne2 Ba6 6.a3 Bxc3+ 7.Nxc3 d5 8.Qa4+ Qd7
9.Qxd7+ Nbxd7 10.b3 dxc4 11.bxc4 O-O 12.Be2 Rfc8 13.Bb2 c5 14.d5 exd5 15.cxd5
Bxe2 16.Kxe2 Ne8 17.Rhd1 f5 18.Rac1 b5 19.d6 Rc6 20.Nd5 Rxd6 21.Ne7+ Kf7
22.Nxf5 Rxd1 23.Rxd1 Nb6 24.Rd2 a5 25.e4 c4 26.Nd6+ Nxd6 27.Rxd6 Rb8 28.Bc3 b4
29.axb4 axb4 30.Bd4 b3 31.Kd2 b2 32.Kc2 b1=Q+ 33.Kxb1 Nc8+ 34.Kc2 Nxd6 35.Be5
Rd8 36.f3 Nb5 37.h4 Ra8 {#R} 0-1

[Event "Cup V. Kibizov (open)"]
[Site "masterchessopen.com Cheliabinsk (Russia)"]
[Date "2007.07.06"]
[Round "6"]
[White "Mokin Nikolai (RUS)"]
[Black "Korostelev Stanislav (RUS)"]
[Result "1-0"]
[WhiteElo "2305"]
[BlackElo "2172"]

1.d4 Nf6 2.c4 e6 3.Nc3 Bb4 4.e3 b6 5.Ne2 Ba6 6.Ng3 O-O 7.e4 Nc6 8.e5 Ne8 9.Bd3
Qh4 10.a3 Bxc3+ 11.bxc3 Na5 12.Ne4 h6 13.h3 f5 14.exf6 Nxf6 15.g3 Nxe4 16.gxh4
Nxf2 17.Qe2 Nxh1 18.Qe4 Bb7 19.Qh7+ Kf7 20.Bxh6 Ke7 21.Qxg7+ {#r} 1-0

[Event "It (open)"]
[Site "masterchessopen.com St. Lo (France)"]
[Date "2007.07.13"]
[Round "7"]
[White "Georgescu Gabriel (ROM)"]
[Black "Guedon Stephane (FRA)"]
[Result "0-1"]
[WhiteElo "2203"]
[BlackElo "2209"]

1.d4 Nf6 2.c4 e6 3.Nc3 Bb4 4.e3 b6 5.Ne2 Ba6 6.a3 Be7 7.Nf4 d5 8.cxd5 Bxf1
9.dxe6 Ba6 10.exf7+ Kxf7 11.e4 c5 12.e5 Re8 13.Be3 Kg8 14.exf6 Bxf6 15.Qf3
cxd4 16.Qxa8 dxc3 17.Qd5+ Kh8 18.Qxd8 Rxd8 19.Rd1 Rc8 20.Rc1 g5 21.Nd5 cxb2
22.Rxc8+ Bxc8 23.Kd2 Bg7 24.Nc3 Bf5 25.Nb1 h6 26.f3 Nc6 27.g4 Bg6 28.h4 gxh4
29.f4 Be4 30.Re1 h3 31.Bg1 Bg2 32.Kd3 Nd4 33.Re8+ Kh7 34.Re7 Nf3 35.f5 Kg8
{#R} 0-1

[Event "It \"]
[Site "masterchessopen.com Ottawa (Canada)"]
[Date "2007.07.14"]
[Round "9"]
[White "Hua Lefong (CAN)"]
[Black "Kovaliov Anton (ARG)"]
[Result "0-1"]
[WhiteElo "2283"]
[BlackElo "2510"]

1.d4 Nf6 2.c4 e6 3.Nc3 Bb4 4.e3 b6 5.Ne2 Ba6 6.Ng3 Bxc3+ 7.bxc3 d5 8.Be2 Bxc4
9.Bxc4 dxc4 10.Qa4+ Qd7 11.Qxc4 Qc6 12.Qxc6+ Nxc6 13.e4 Na5 14.Ke2 Nd7 15.Be3
O-O-O 16.Nf1 f5 17.f3 Nc4 18.Nd2 Nxd2 19.Bxd2 Rhf8 20.Rhf1 Rf7 21.Be3 h6 22.a4
Nf6 23.e5 Nd5 24.Bd2 Rfd7 25.g4 Ne7 26.Be3 Kb7 27.h4 fxg4 28.fxg4 Nd5 29.Bd2
c5 30.g5 hxg5 31.hxg5 cxd4 32.cxd4 Ne7 33.Rf7 Nf5 34.Rxd7+ Rxd7 35.Bc3 Nxd4+
36.Bxd4 Rxd4 37.Rf1 Rxa4 38.Rf7+ Kc6 39.Rxg7 Kd5 40.g6 Kxe5 41.Rg8 Kf6 42.Kf3
Ra1 43.Kf2 Ra5 44.Kf3 Rg5 45.Ra8 a5 {#R} 0-1

[Event "It (open)"]
[Site "masterchessopen.com Pardubice (Czech Republic)"]
[Date "2007.07.22"]
[Round "3"]
[White "Smirnov Artem (RUS)"]
[Black "Holloway Timo (GER)"]
[Result "1-0"]
[WhiteElo "2419"]
[BlackElo "2140"]

1.d4 Nf6 2.c4 e6 3.Nc3 Bb4 4.e3 b6 5.Ne2 Ba6 6.Ng3 h5 7.h4 Bb7 8.Bd2 Bd6 9.f4
Be7 10.e4 Ng4 11.Qf3 Nc6 12.Nce2 Bxh4 13.O-O-O Bxg3 14.Nxg3 Nxd4 15.Qxg4 g6
16.Qh3 Qf6 17.e5 Qe7 18.Bc3 Nf5 19.Nxf5 gxf5 20.Be1 Qc5 21.Qh4 Rh6 22.Bf2 Qa5
23.Rh3 Rg6 24.Ra3 Qb4 25.Rg3 Rxg3 26.Bxg3 Be4 27.Qg5 d6 28.exd6 cxd6 29.Bh4
Kd7 30.Qe7+ Kc6 31.a3 Qc5 32.Bf2 Qxf2 33.Rxd6+ Kc5 34.b4# 1-0

[Event "It \"]
[Site "masterchessopen.com Ilyichevsk (Ukraine)"]
[Date "2007.07.24"]
[Round "5"]
[White "Kashlinskaya Alina (RUS)"]
[Black "Pavlov Sergey (UKR)"]
[Result "1-0"]
[WhiteElo "2263"]
[BlackElo "2416"]

1.d4 Nf6 2.c4 e6 3.Nc3 Bb4 4.e3 b6 5.Ne2 Ba6 6.a3 Be7 7.Nf4 d5 8.cxd5 Bxf1
9.dxe6 Ba6 10.exf7+ Kxf7 11.e4 c5 12.e5 Qxd4 13.e6+ Kg8 14.Qf3 Nc6 15.Qxc6 Rc8
16.Qf3 Qe5+ 17.Be3 g5 18.Nfd5 Qxe6 19.Qf5 Rc6 20.Nxe7+ Qxe7 21.O-O-O h6 22.h4
Nh7 23.hxg5 hxg5 24.Qd5+ Re6 25.Rh6 Bc8 26.Rg6+ Kf7 27.Bxg5 Nxg5 28.Rxg5 Bb7
29.Qf5+ Rf6 30.Qg4 Kf8 31.Nd5 Bxd5 32.Rgxd5 {#r} 1-0

[Event "It (open)"]
[Site "masterchessopen.com Pardubice (Czech Republic)"]
[Date "2007.07.25"]
[Round "6"]
[White "Grabinsky Vladimir (UKR)"]
[Black "Morawietz Dieter (GER)"]
[Result "0-1"]
[WhiteElo "2295"]
[BlackElo "2413"]

1.d4 Nf6 2.c4 e6 3.Nc3 Bb4 4.e3 b6 5.Ne2 Ba6 6.a3 Be7 7.Nf4 d5 8.Qa4+ c6 9.b4
Bxc4 10.Bxc4 dxc4 11.b5 O-O 12.bxc6 Qd6 13.Qxc4 Nxc6 14.O-O Rac8 15.Nfe2 e5
16.Nb5 Qb8 17.Qa4 Na5 18.Rb1 a6 19.Nbc3 Rc4 20.Qd1 Qc7 21.dxe5 Rd8 22.Qe1 Qxe5
23.Rxb6 Ng4 24.f4 Qc5 25.Rxa6 Nb3 26.Qg3 Rxc3 27.Nxc3 Qxc3 28.Qxg4 Nxc1 29.Qf3
g6 30.f5 g5 31.f6 Bf8 32.h4 Qc4 33.Ra5 Ne2+ 34.Kf2 Rd2 35.Rxg5+ Kh8 36.Qa8
Qxh4+ 37.Kf3 Ng1+ {#R} 0-1

[Event "Ch Brazil (1/2 final)"]
[Site "masterchessopen.com Recife (Brazil)"]
[Date "2007.11.01"]
[Round "1"]
[White "Mekhitarian Krikor Sevag (BRA)"]
[Black "Araujo Jose Roberto (BRA)"]
[Result "1-0"]
[WhiteElo "2428"]
[BlackElo "2194"]

1.d4 Nf6 2.c4 e6 3.Nc3 Bb4 4.e3 b6 5.Ne2 Ba6 6.a3 Be7 7.Nf4 d5 8.cxd5 Bxf1
9.dxe6 Ba6 10.exf7+ Kxf7 11.Qb3+ Ke8 12.Ne6 Qd7 13.Nxg7+ Kd8 14.Ne6+ Kc8 15.e4
Nc6 16.d5 Ne5 17.Be3 Bc4 18.Qc2 Nd3+ 19.Kd2 Kb7 20.f3 c6 21.dxc6+ Qxc6 22.Nd4
Qd7 23.b3 Ba6 24.b4 Rac8 25.Qa4 Qxa4 26.Nxa4 Rhd8 27.Nc3 Ne5 28.Kc2 Bd3+
29.Kd2 Bxe4 30.fxe4 Nc4+ 31.Kd3 Nxe3 32.Ra2 Nc4 33.Rc2 Ne5+ {#r} 1-0

[Event "Bundesliga B Mitte 2007/08"]
[Site "masterchessopen.com Austria"]
[Date "2007.11.10"]
[Round "3"]
[White "Zaja Ivan (CRO)"]
[Black "Schnider Gert (AUT)"]
[Result "1-0"]
[WhiteElo "2467"]
[BlackElo "2273"]

1.d4 Nf6 2.c4 e6 3.Nc3 Bb4 4.e3 b6 5.Ne2 Ba6 6.a3 Bxc3+ 7.Nxc3 d5 8.Qf3 c6
9.b3 O-O 10.Bb2 Bb7 11.Bd3 Nbd7 12.Qg3 Qb8 13.Qh4 Re8 14.g4 Nf8 15.g5 N6d7
16.Rg1 e5 17.cxd5 cxd5 18.Rg3 a6 19.Bf5 Ng6 20.Qg4 Ndf8 21.h4 Qd6 22.h5 Ne7
23.dxe5 Qxe5 24.Bd3 d4 25.Ne2 Nc6 26.Bxd4 Nxd4 27.Qxd4 Qa5+ 28.b4 Qa4 29.h6
Ne6 30.Qb2 Rac8 31.Nf4 Rc7 32.Nxe6 fxe6 33.g6 hxg6 34.Rxg6 e5 35.Qa2+ Kh7
36.Rxg7+ {#r} 1-0

[Event "Ch Mittelfranken (team) (B1) 2007/08"]
[Site "masterchessopen.com Germany"]
[Date "2007.11.11"]
[Round "2"]
[White "Eckhardt Wladislaw (GER)"]
[Black "Konsek Peter (GER)"]
[Result "0-1"]
[WhiteElo "2165"]
[BlackElo "2081"]

1.d4 Nf6 2.c4 e6 3.Nc3 Bb4 4.e3 b6 5.Ne2 Ba6 6.a3 Bxc3+ 7.Nxc3 d5 8.b3 O-O
9.Be2 Nc6 10.Bd2 e5 11.dxe5 Nxe5 12.cxd5 Bxe2 13.Qxe2 Nxd5 14.O-O c5 15.Rad1
Nc7 16.Bc1 Qe7 17.Nd5 Nxd5 18.Rxd5 Rad8 19.Rfd1 Rxd5 20.Rxd5 Rd8 21.Qd1 Rxd5
22.Qxd5 h6 23.Bb2 Qd7 24.Qxd7 Nxd7 25.e4 g6 26.Kf1 Kf8 27.Ke2 h5 28.Kd3 Ke7
29.Kc4 Kd6 30.Kb5 Nb8 31.f4 Nc6 32.Bc3 f5 33.e5+ Kd5 34.Ka6 c4 35.b4 Ke4 36.b5
Ne7 37.Bb4 Nd5 38.Kxa7 Nxb4 39.axb4 Kd5 40.g4 hxg4 {#R} 0-1

[Event "Ch World (juniors) (under 16)"]
[Site "masterchessopen.com Kemer (Turkey)"]
[Date "2007.11.20"]
[Round "3"]
[White "Reimanis Ritvars (LAT)"]
[Black "Leniart Arkadiusz (POL)"]
[Result "0-1"]
[WhiteElo "2147"]
[BlackElo "2329"]

1.d4 Nf6 2.c4 e6 3.Nc3 Bb4 4.e3 b6 5.Ne2 Ba6 6.a3 Bxc3+ 7.Nxc3 d5 8.cxd5 Bxf1
9.Kxf1 exd5 10.Bd2 O-O 11.Rc1 Nbd7 12.b4 c6 13.b5 c5 14.Qf3 Re8 15.Nxd5 Ne4
16.Be1 cxd4 17.exd4 Qg5 18.Ne3 Qxb5+ 19.Qe2 Qb3 20.Rc7 Ndf6 21.Qc4 Qxc4+
22.Rxc4 Nd6 23.Rb4 Rac8 24.g3 Rc1 25.Kg2 Rec8 26.f3 Ra1 27.Rb3 Rcc1 28.Kf2
Ra2+ 29.Kf1 Nfe4 30.fxe4 Nxe4 {#R} 0-1

[Event "Ch France (team) (nat.2) 2007/08"]
[Site "masterchessopen.com France"]
[Date "2007.12.16"]
[Round "4"]
[White "Pham Minh Hoang (VIE)"]
[Black "Bleunven Andre (FRA)"]
[Result "1-0"]
[WhiteElo "2475"]
[BlackElo "2271"]

1.d4 Nf6 2.c4 e6 3.Nc3 Bb4 4.e3 b6 5.Ne2 Ba6 6.a3 Bxc3+ 7.Nxc3 d5 8.b3 O-O
9.Be2 Nc6 10.O-O dxc4 11.Rb1 Nd5 12.Bd2 Nxc3 13.Bxc3 Qd6 14.bxc4 Qxa3 15.Qc2
Qe7 16.d5 exd5 17.cxd5 Bxe2 18.Qxe2 Qc5 19.Qb2 Qxd5 20.Bxg7 Rfe8 21.f4 Re6
22.Bh8 Rg6 23.f5 Rg5 24.h4 Rg3 25.Kh2 Rg4 26.Rf4 Rxg2+ 27.Qxg2+ Qxg2+ 28.Kxg2
Kxh8 29.Rc1 Ne7 30.Rd1 c6 31.e4 c5 32.Rd7 Nc6 33.Rxf7 Rg8+ 34.Kf1 c4 35.f6 b5
36.Rf5 Nd8 37.Rxa7 c3 38.Rh5 Rg4 39.Rhxh7+ Kg8 40.f7+ Nxf7 41.Rhxf7 b4 42.Rfc7
Rf4+ 43.Kg2 {#r} 1-0

[Event "It (open)"]
[Site "masterchessopen.com Pavlodar (Kazakhstan)"]
[Date "2007.12.23"]
[Round "10"]
[White "Grebenshikov V (KAZ)"]
[Black "Aketaeva Dana (KAZ)"]
[Result "1-0"]
[WhiteElo "2307"]
[BlackElo "2248"]

1.d4 Nf6 2.c4 e6 3.Nc3 Bb4 4.e3 b6 5.Ne2 Ba6 6.Qa4 c5 7.a3 Bxc3+ 8.Nxc3 O-O
9.Be2 Bb7 10.O-O d6 11.b4 Nbd7 12.Rd1 Qe7 13.Rb1 a6 14.Qc2 Rac8 15.bxc5 dxc5
16.a4 Qd6 17.Rb3 Qc7 18.Qb1 Rb8 19.f3 Ba8 20.Bd2 cxd4 21.exd4 e5 22.Be3 Rfe8
23.d5 Nc5 24.Rb4 Qd6 25.Bf2 Nfd7 26.Qf5 g6 27.Qh3 Nd3 28.Rxd3 Qxb4 29.Qxd7
Red8 30.Qa7 {#r} 1-0

[Event "It (open) (b)"]
[Site "masterchessopen.com Moscow (Russia)"]
[Date "2008.02.07"]
[Round "6"]
[White "Khovalyg Eduard (RUS)"]
[Black "Avdonin Boris (RUS)"]
[Result "1-0"]
[WhiteElo "2206"]
[BlackElo "2119"]

1.d4 Nf6 2.c4 e6 3.Nc3 Bb4 4.e3 b6 5.Ne2 Ba6 6.a3 Bxc3+ 7.Nxc3 d5 8.b3 Bb7
9.Be2 O-O 10.O-O Nbd7 11.Bb2 Qe7 12.a4 Ne4 13.a5 Rfd8 14.Nxe4 dxe4 15.a6 Bc6
16.Qc2 Nf6 17.f4 exf3 18.Bxf3 Bxf3 19.Rxf3 Ne8 20.Rh3 h6 21.e4 c5 22.d5 e5
23.Rf1 Nd6 24.Rff3 f6 25.Bc1 Nf7 26.Qf2 Rf8 27.Rhg3 Ng5 28.Re3 Kh8 29.h4 Nh7
30.Rg6 Rf7 31.Qf5 Qd7 32.Qh5 f5 33.Bb2 Re8 34.exf5 Rxf5 35.Qg4 Qf7 36.Re6 Rf1+
37.Kh2 Rf4 38.Qg6 Rxh4+ 39.Kg1 Qxg6 40.Rxg6 {#r} 1-0